Učitavanje...

(Mal) Venalmazha/

Bibliografski detalji
Glavni autor: Satchidanandan
Format: Printed Book
Izdano: Wadakanchery: Vellaikkal Books, 1982.
LEADER 00349 a2200109 4500
100 |a Satchidanandan 
245 |a (Mal) Venalmazha/  |c Satchidanandan 
260 |a Wadakanchery:  |b Vellaikkal Books,  |c 1982. 
300 |a 66p. 
942 |2 ddc  |c BK 
999 |c 241319  |d 241319 
952 |0 0  |1 0  |4 0  |7 0  |9 267816  |a HIN  |b HIN  |c ST1  |d 2011-11-14  |i 12558  |l 0  |p HIN12558  |r 2014-02-07  |w 2014-02-07  |y BK